Kursus induksi umum - Wawasan 2020 [ 9 April 1996

Bibliographic Details
Corporate Author: INSPEN (Institut Penilaian Negara)
Format: Book
Published: Bangi : INSPEN , 1996
Subjects:

MARC

LEADER 00000cam a2200000 7i4500
001 0000005011
005 20101025.0
008 101025
040 |a INS 
090 0 0 |a VCD 1666 
245 1 0 |a Kursus induksi umum - Wawasan 2020 [  |h cakera video] :   |b 9 April 1996 
260 |a Bangi :   |b INSPEN ,   |c 1996 
300 |a 1 cakera video (1 jam 33 min.) :   |b wrn., by. ;   |c 4 3/4 in. 
500 |a Juga terdapat dalam format VHS 628 
650 0 0 |a Ambition 
650 0 0 |a Integrity 
710 1 |a INSPEN (Institut Penilaian Negara) 
999 |a VCD0001666   |b VIDEO CD   |c Media Collection   |e Default branch